000
00314nam a2200121Ia 4500
008
210430s9999 xx 000 0 und d
082
_a
823 A2861 T
100
_a
Ahmed Ali
_9
34806
245
_a
Twilight in Delhi
_c
Ahmed Ali
260
_a
pakistan
_b
Shahkar PUBLICATIONS
_c
2000
300
_a
287P
942
_c
BK
_2
ddc
999
_c
562142
_d
562142